ბათუმის შოთა რუსთაველის სახელმწიფო უნივერსიტეტის ბიბლიოთეკა

Вулканизм и почвоведение (ბიბ.ჩანაწერი № 45838)

000 -LEADER
fixed length control field 00640nam a2200229Ia 4500
001 - CONTROL NUMBER
control field 12667
003 - CONTROL NUMBER IDENTIFIER
control field GE_BSU
008 - FIXED-LENGTH DATA ELEMENTS--GENERAL INFORMATION
fixed length control field 181216s||||||||xx |||||||||||||| ||und||
040 ## - CATALOGING SOURCE
Transcribing agency GE_BSU
080 ## - UNIVERSAL DECIMAL CLASSIFICATION NUMBER
Universal Decimal Classification number 551.21+631.48
100 ## - MAIN ENTRY--PERSONAL NAME
Personal name Соколов,И.А.
245 ## - TITLE STATEMENT
Title Вулканизм и почвоведение
245 ## - TITLE STATEMENT
Remainder of title На примере Камчатки
245 ## - TITLE STATEMENT
Statement of responsibility, etc. Отв.ред.Е.Н.Иванова
260 ## - PUBLICATION, DISTRIBUTION, ETC.
Place of publication, distribution, etc. Москва
260 ## - PUBLICATION, DISTRIBUTION, ETC.
Name of publisher, distributor, etc. Наука
260 ## - PUBLICATION, DISTRIBUTION, ETC.
Date of publication, distribution, etc. 1973
300 ## - PHYSICAL DESCRIPTION
Extent 222стр.27см.
300 ## - PHYSICAL DESCRIPTION
Accompanying material Приложение с.195
653 ## - INDEX TERM--UNCONTROLLED
Uncontrolled term Вулканизм и почвоведение
942 ## - ADDED ENTRY ELEMENTS (KOHA)
Koha item type წიგნი
ეგზემპლარები
Withdrawn status Lost status Damaged status Not for loan Date acquired Barcode Date last seen Price effective from Koha item type
        2018-12-17 20987 2018-12-17 2018-12-17 წიგნი